000 00344nam a22001457a 4500
008 210302b ||||| |||| 00| 0 eng d
020 _a9781576873298
041 _aeng
080 _a94
082 _a94
100 _a16
101 _aSHH
245 _aFull of Grace a Journey Through the History of Childhood
_cMerritt, R
942 _2udc
_cBK
999 _c55507
_d55507